00691nam a2200157 a 450000100100000000500170001000800410002702000150006824501540008326000590023730000110029650001490030765000240045665000260048065000270050600001679620200120221959.0010109s1998 ck 0 er0 j spa d a958614687110aEllas cuentan :buna antología de relatos de escritoras colombianas, de la Colonia a nuestros días /cselección y prólogo : Luz Mary Giraldo. aSantafé de Bogotá :bSeix Barral,bPlaneta,c1998. a309 p. aEj. 1 y 2 En Biblioparque De Funza : Colección Proveniente De La Antigua Biblioteca Municipal, Centro Cultural Bacatá, Funza (Cundinamarca).14aCuentos Colombianos24aLiteratura Colombiana24aEscritoras colombianas